Johor 1855-1917 : (Record no. 412)

MARC details
000 -LEADER
fixed length control field 00813nam a2200277 ia4500
001 - CONTROL NUMBER
control field C2-0003092
003 - CONTROL NUMBER IDENTIFIER
control field PPAK
005 - DATE AND TIME OF LATEST TRANSACTION
control field 20210801215753.0
008 - FIXED-LENGTH DATA ELEMENTS--GENERAL INFORMATION
fixed length control field 970121s1988 my |||g ||||| | may d
020 ## - INTERNATIONAL STANDARD BOOK NUMBER
International Standard Book Number 9679337170
040 ## - CATALOGING SOURCE
Original cataloging agency PPAK
Language of cataloging eng
Transcribing agency PPAK
Description conventions rda
082 04 - DEWEY DECIMAL CLASSIFICATION NUMBER
Classification number 959.5119
Edition number 23
090 00 - LOCALLY ASSIGNED LC-TYPE CALL NUMBER (OCLC); LOCAL CALL NUMBER (RLIN)
Classification number (OCLC) (R) ; Classification number, CALL (RLIN) (NR) 959.5119
Feature heading AHM
Feature heading G
Classification number (OCLC) (R) ; Classification number, CALL (RLIN) (NR) 959.5119
Feature heading AHM
Feature heading KMI
100 0# - MAIN ENTRY--PERSONAL NAME
Personal name Ahmad Fawzi Basri,
Relator term author.
245 10 - TITLE STATEMENT
Title Johor 1855-1917 :
Remainder of title pentadbiran dan perkembangannya /
Statement of responsibility, etc. Ahmad Fawzi Basri
264 #1 - PRODUCTION, PUBLICATION, DISTRIBUTION, MANUFACTURE, AND COPYRIGHT NOTICE
Place of production, publication, distribution, manufacture Petaling Jaya, Selangor :
Name of producer, publisher, distributor, manufacturer Fajar Bakti,
Date of production, publication, distribution, manufacture, or copyright notice 1988
300 ## - PHYSICAL DESCRIPTION
Extent vi, 200 pages ;
Dimensions 23 cm
336 ## - CONTENT TYPE
Source rdacontent
Content type term text
337 ## - MEDIA TYPE
Source rdamedia
Media type term unmediated
338 ## - CARRIER TYPE
Source rdacarrier
Carrier type term volume
490 1# - SERIES STATEMENT
Series statement Siri Sejarah Fajar Bakti
650 10 - SUBJECT ADDED ENTRY--TOPICAL TERM
Topical term or geographic name entry element Johor
General subdivision History
830 #0 - SERIES ADDED ENTRY--UNIFORM TITLE
Uniform title Siri Sejarah Fajar Bakti
942 ## - ADDED ENTRY ELEMENTS (KOHA)
Koha item type Book
Source of classification or shelving scheme Dewey Decimal Classification
Holdings
Withdrawn Not for loan Current library Shelving location Date acquired Total Checkouts Full call number Barcode Date last seen Date last checked out Koha item type Total Renewals
  Not For Loan Perpustakaan Alor Setar Koleksi Prof. Dr. Muhammad Isa Othman 02/06/2011   KMI 959.5119 AHM A00384365 08/05/2018   Book  
    Perpustakaan Awam Sungai Petani Pinjaman Dewasa 11/02/2004 2 959.5119 AHM A00417757 11/06/2019 27/05/2019 Book  
    Perpustakaan Awam Sungai Petani Pinjaman Dewasa 12/02/2004 7 959.5119 AHM A00418286 19/06/2024 15/05/2024 Book 6
    Perpustakaan Baling Pinjaman Dewasa 30/04/2003 1 959.5119 AHM A00312234 26/09/2021 20/04/2021 Book 1
    Perpustakaan Langkawi Pinjaman Dewasa 27/02/2005   959.5119 AHM A00349433 08/05/2018   Book